000
002360000a22001210004500
041
0
_a
EspaƱol
082
0
4
_a
CD 080
110
1
_a
Universal
245
1
0
_a
Fiesta infantil / Universal
505
0
0
_a
Canciones
001
1190
942
_c
LGB
999
_c
48364
_d
48364